Países de Europa con un Mapa Vacío - Un minuto de sprint - Estadísticas

Estadísticas generales
  • Esta prueba ha sido intentada 1.280 veces
  • La puntuación promedio es 28 de 45
Respuestas en el mapa
Las respuestas están codificadas por una escala verde-roja en el mapa de la prueba según el % correcto abajo.
 
Estadísticas de respuestas
país % Correcto
España
96%
Francia
92%
Alemania
90%
Portugal
88%
Italia
85%
Suecia
83%
Suiza
82%
Noruega
78%
Polonia
78%
Bélgica
77%
Finlandia
77%
Rusia
77%
Irlanda
74%
Austria
72%
Países Bajos
70%
Reino Unido
70%
Andorra
68%
Estonia
67%
Grecia
66%
Letonia
65%
Islandia
64%
Lituania
63%
Ucrania
63%
Bielorrusia
57%
República Checa
57%
Rumania
57%
Luxemburgo
56%
Mónaco
56%
Croacia
55%
Dinamarca
53%
Hungría
52%
Eslovenia
51%
Bulgaria
50%
Eslovaquia
50%
Serbia
50%
Malta
47%
Ciudad del Vaticano
45%
Albania
44%
Bosnia y Herzegovina
44%
San Marino
43%
Kosovo
40%
Moldavia
40%
Liechtenstein
35%
Macedonia
31%
Montenegro
30%
No se encontraron pruebas coincidentes
Distribución de puntuación
Porcentaje de gente con cada puntuación
Porcentaje por número respondido
Historial de tus puntuaciones
No has intentado esta prueba.